000 00705nam a22002417a 4500
001 32727
003 UA-OsUOA
005 20220704232519.0
007 ta
008 20050210b un ||||| |||| 00| 0 ukr d
040 _aUA-OsUOA
_brus
_cUA-OsUOA
_dUA-OsUOA
041 _arus
044 _aRU
080 _a821.161.1
090 _a821.161.1
_bТ53
100 _aТолстой Л.
245 _aВоскресение. Повести. Рассказы
_cЛ. Толстой ; вступ. статья К. Ломунов
260 _aМосква
_bХудожественная литература
_c1976
300 _a744 с.
_bІлюстрації
650 7 _2UDC
942 _cBK
_2udc
955 _a0
999 _c319178
_d319178